000
00320nam a2200133Ia 4500
008
220803s9999 xx 000 0 und d
020
_a
0-471-48637-X
041
_a
eng
082
_a
720.472 URS
100
_a
URsula E
_9
18667
245
_a
Solar Technologies For Building
260
_b
John Wiley
_c
2003
300
_a
323p
999
_c
12895
_d
12895